Statistics for Denver Nuggets Playoffs Starters

Click here to take the quiz!

General Stats

  • This quiz has been taken 21 times
    (3 since last reset)
  • The average score is 18 of 74

Answer Stats

Player % Correct
Nikola Jokić
100%
Paul Millsap
100%
Jamal Murray
100%
Carmelo Anthony
100%
Dikembe Mutombo
67%
Allen Iverson
67%
Danilo Gallinari
67%
Kenneth Faried
67%
Rob Williams
67%
Chuck Williams
67%
Marcus Camby
67%
Andre Miller
67%
Mahmoud Abdul-Rauf
67%
Reggie Williams
67%
Nenê Hilário
67%
Chauncey Billups
33%
Michael Adams
33%
Fat Lever
33%
Darrell Walker
33%
Kiki Vandeweghe
33%
LaPhonso Ellis
33%
Alex English
33%
Jerami Grant
33%
Dahntay Jones
33%
Wilson Chandler
33%
Larry Jones
33%
Ty Lawson
33%
Dan Issel
33%
Torrey Craig
33%
Mike Green
33%
Bobby Jones
33%
Al Smith
33%
Gary Harris
33%
Larry Brown
33%
Andre Iguodala
33%
Jalen Rose
0%
Greg Buckner
0%
Evan Fournier
0%
Eduardo Nájera
0%
Rodney Rogers
0%
Steve Blake
0%
Linas Kleiza
0%
Timofey Mozgov
0%
Kenyon Martin
0%
Arron Afflalo
0%
Willie Murrell
0%
Voshon Lenard
0%
Anthony Roberts
0%
Walter Piatkowski
0%
Lonnie Wright
0%
Julian Hammond
0%
Spencer Haywood
0%
Byron Beck
0%
Ralph Simpson
0%
Julius Keye
0%
Dave Robisch
0%
David Thompson
0%
Mack Calvin
0%
Ted McClain
0%
Bob Wilkerson
0%
Bryant Stith
0%
Charlie Scott
0%
Tom Boswell
0%
Billy McKinney
0%
T.R. Dunn
0%
Calvin Natt
0%
Bill Hanzlik
0%
Blair Rasmussen
0%
Danny Schayes
0%
Darwin Cook
0%
Wayne Hightower
0%
Jerome Lane
0%
Joe Barry Carroll
0%
Wayne Cooper
0%

Score Distribution

Percentile by Number Answered

Percent of People with Each Score

Your Score History

You have not taken this quiz since the last reset